000 01713nam a2200193 a 4500
001 000032357
005 20240412074256.0
008 110714t1908 dr r 001 p spa d
040 _aDO-SdBNP
_bspa
_cBNPHU
082 _aRD861.3
_bD353g
100 1 _aDeligne, Gastón F.,
_d1861-1913
_923674
245 1 0 _aGalaripsos /
_cGastón F. Deligne.
260 _aSanto Domingo :
_bImp. Cuna de América,
_c1908.
300 _a216 p. ;
_c17 cm.
505 0 _gPortada --
_tLos Galaripsos --
_tArriba el pabellón --
_tQuisqueyana --
_tFrente al retrato de la Sta F. de Castro --
_tA la Sta Rosa Pacheco --
_tMaireni --
_tLa nueva Jerusalen! --
_tAngustias --
_tEn el día de San Francisco Javier --
_tLa aparición --
_tDe luto --
_tQueiros --
_tValle de lágrimas --
_tCanto nupcial --
_tQuid divinum...! --
_tHombre y mujer --
_tRomanza --
_tA la memoria del Padre Billini --
_tCiencia y arte --
_tIn good we trust --
_tLa hija de Colón --
_tConfidencias de Cristina --
_tEl silfo --
_tDe la selva --
_tAniquilamiento --
_tSubjetiva --
_tArs Nova Scribendi --
_tMuerta --
_tEn el botado --
_tMensaje postal --
_tMoneda --
_tEn la muerte de José Joaquín Pérez --
_tCantiga --
_tRitmos --
_tJusticia galante --
_tPeregrinando --
_tDe humor --
_tEugenio María de Hostos --
_tMadrigal y monóstrofe --
_tDe fotografias --
_tSu niño --
_tInvernal --
_tSpectra --
_tLa hora de Endimión --
_tCartas --
_tMonóstrofe --
_tBucólica --
_tMiliunanochesca --
_tNúbil --
_tGenealogía --
_tLa chispa --
_tSoneto --
_tEntremés olímpico --
_tOloloi! --
_tA S. M. la Reina Carmelita I --
_tDel patíbulo --
_tBaladas de las tentaciones --
_tAnte la bandera.
650 0 _aPoesía dominicana
_966
650 0 _aLiteratura dominicana.
_967
910 _aValidado. Control de calidad. EMS
999 _c31848
_d31848